00470nam a22001457a 450000500170000000800410001702000180005804000330007608200230010910000450013224500610017726000490023830000140028765000230030120260508155736.0260508b |||||||| |||| 00| 0 eng d a9789372128314 aSGVU Library cSGVU Library  222a338.1 bROR A aRout Rajendra Kumar And Nayak Chinmayee aA Textbook On Agriculture Marketing And Trade hEnglish  aNew Delhi , India bKALYANI PUBLISHERSc2026 a566pbPB  aAgricultureyG4754